[Event "AUTO-MASTER-1009"]
[Site "http://www.queenalice.com/game.php?id=774483"]
[Date "2010.5.12"]
[Round "2"]
[White "rheenz"]
[Black "Penroyal"]
[Result "1-0"]
[WhiteElo "2425"]
[BlackElo "2115"]

1. e4 e6 2. d4 d5 3. e5 c5 4. c3 Nc6 5. Nf3 Qb6 6. Be2 Nh6 7. O-O cxd4 8. cxd4
Nf5 9. Nc3 Nfxd4 10. Bb5 Nxb5 11. Nxb5 Qxb5 12. a4 Qb6 13. Qe2 Be7 14. Bf4 O-O
15. Bg3 f5 16. exf6 Bxf6 17. Rab1 Bd7 18. Rfd1 Rae8 19. b4 Nxb4 20. a5 Qc5 21.
Qd2 1-0

[Event "AUTO-MASTER-1009"]
[Site "http://www.queenalice.com/game.php?id=774484"]
[Date "2010.5.12"]
[Round "2"]
[White "Penroyal"]
[Black "rheenz"]
[Result "0-1"]
[WhiteElo "2118"]
[BlackElo "2423"]

1. d4 Nf6 2. c4 e6 3. g3 d5 4. Bg2 Be7 5. Nf3 O-O 6. O-O dxc4 7. Qc2 a6 8. Qxc4
b5 9. Qc2 Bb7 10. Bd2 Nbd7 11. Ba5 Rc8 12. Rc1 Nb6 13. Nbd2 c5 14. dxc5 Rxc5 15.
Qb1 Rxc1+ 16. Qxc1 Qd6 17. a3 Rc8 18. Qe1 Qc6 19. Nh4 Qc7 20. Bxb7 Qxb7 21. Rc1
Na4 0-1

[Event "Let's Play Chess!"]
[Site "http://www.queenalice.com/game.php?id=774970"]
[Date "2010.5.13"]
[Round "-"]
[White "basti822"]
[Black "Penroyal"]
[Result "0-1"]
[WhiteElo "1683"]
[BlackElo "2148"]

1. e4 e6 2. Bc4 d5 3. exd5 exd5 4. Qe2+ Be7 5. Bd3 Nf6 6. Nc3 O-O 7. Nf3 c5 8.
O-O c4 9. Bxh7+ Nxh7 10. d3 cxd3 11. Qxd3 Nf6 12. Bd2 Nc6 13. Bg5 Be6 14. Rad1
Qd7 15. Bxf6 Bxf6 16. h4 Rad8 17. Ng5 Bf5 18. Qxd5 Qxd5 19. Nxd5 Bxc2 20. Rd2
Bxg5 21. hxg5 Be4 22. Rfd1 Bxd5 23. Rxd5 Rxd5 24. Rxd5 Rd8 25. Rxd8+ Nxd8 26. f4
f5 27. Kf2 Kf7 28. Ke3 Ke6 29. Kd4 Kd6 30. b4 Ne6+ 31. Ke3 Kd5 32. g3 Kc4 33. a3
Kc3 34. g4 fxg4 35. g6 Nf8 36. f5 Nd7 37. Kf4 Nf6 38. b5 Kd4 39. a4 b6 0-1

[Event "Let's Play Chess!"]
[Site "http://www.queenalice.com/game.php?id=774974"]
[Date "2010.5.13"]
[Round "-"]
[White "Penroyal"]
[Black "basti822"]
[Result "1-0"]
[WhiteElo "2101"]
[BlackElo "1680"]

1. d4 g6 2. c4 c5 3. d5 Bg7 4. g3 Qa5+ 5. Bd2 Qb6 6. Nc3 e6 7. Qc2 Ne7 8. Bg2
O-O 9. Nf3 Na6 10. a3 Bxc3 11. Bxc3 exd5 12. cxd5 Nxd5 13. O-O Re8 14. Ng5 Nxc3
15. Qxc3 d5 16. Bxd5 Nc7 17. Bxf7+ Kf8 18. Bxe8 Be6 19. Ba4 Ke7 20. Qg7+ Kd6 21.
Rfd1+ Nd5 22. Nxe6 Kxe6 23. Qd7+ Ke5 24. Rxd5+ Kf6 25. Rd6+ 1-0

[Event "AUTO-OPEN-1976"]
[Site "http://www.queenalice.com/game.php?id=775237"]
[Date "2010.5.14"]
[Round "1"]
[White "mouderjr"]
[Black "Penroyal"]
[Result "0-1"]
[WhiteElo "1955"]
[BlackElo "2102"]

1. d4 Nf6 2. c4 e5 3. dxe5 Ng4 4. Nf3 Bc5 5. e3 Nc6 6. b3 O-O 7. h3 Ngxe5 8.
Nbd2 d6 9. Bb2 Re8 10. Be2 Bf5 11. e4 Nxf3+ 12. gxf3 Bd7 13. a3 a5 14. Qc2 Nd4
15. Bxd4 Bxd4 16. Rd1 Qh4 17. Rh2 f5 18. Bd3 Be5 19. Rh1 Kh8 20. Nf1 fxe4 21.
Bxe4 Bc6 22. Ne3 Bxe4 23. fxe4 Rf8 24. Nf5 Qf4 25. Qe2 Rae8 26. Rg1 Rxf5 27.
exf5 Bc3+ 0-1

[Event "AUTO-OPEN-1976"]
[Site "http://www.queenalice.com/game.php?id=775238"]
[Date "2010.5.14"]
[Round "1"]
[White "Penroyal"]
[Black "mouderjr"]
[Result "1-0"]
[WhiteElo "2119"]
[BlackElo "1951"]

1. d4 d5 2. c4 Nc6 3. cxd5 Qxd5 4. e3 Nf6 5. Nc3 Qd8 6. Nf3 e6 7. Bd3 Bd6 8. O-O
O-O 9. e4 e5 10. d5 Ne7 11. Re1 Bg4 12. Be3 a6 13. Rc1 Ng6 14. Na4 Nh4 15. Be2
Nxe4 16. Nxh4 Bxe2 17. Qxe2 Qxh4 18. Nc5 f5 19. Nxb7 Rfb8 20. Nxd6 cxd6 21. b3
f4 22. Bxf4 exf4 23. Qxe4 Rf8 24. Qe6+ Kh8 25. Qxd6 Rfd8 26. Qc6 Qg5 27. d6 Qg6
28. Qxa8 Rxa8 29. d7 Rg8 30. Rc8 Qf6 31. h3 Qd6 32. Ree8 1-0

[Event "AUTO-OPEN-1976"]
[Site "http://www.queenalice.com/game.php?id=775257"]
[Date "2010.5.14"]
[Round "1"]
[White "Blackangel"]
[Black "Penroyal"]
[Result "0-1"]
[WhiteElo "1904"]
[BlackElo "2149"]

1. e4 Nc6 2. d4 d5 3. e5 Bf5 4. Bb5 e6 5. Nf3 a6 6. Bd3 Nge7 7. c3 Qd7 8. O-O
Bxd3 9. Qxd3 Nf5 10. Nbd2 Be7 11. Nb3 f6 12. exf6 gxf6 13. Re1 O-O-O 14. Re2 Bd6
15. Bd2 Rde8 16. Rae1 h5 17. c4 dxc4 18. Qxc4 h4 19. Rxe6 Rxe6 20. Rxe6 Rf8 21.
Qd5 Bxh2+ 22. Kxh2 Qxd5 23. Nc5 Ncxd4 0-1

[Event "AUTO-OPEN-1976"]
[Site "http://www.queenalice.com/game.php?id=775258"]
[Date "2010.5.14"]
[Round "1"]
[White "Penroyal"]
[Black "Blackangel"]
[Result "0-1"]
[WhiteElo "2154"]
[BlackElo "1898"]

1. d4 c5 2. d5 d6 3. c4 g6 4. Nc3 Bg7 5. Bd2 Nf6 6. e4 Nbd7 7. Bd3 Ne5 8. Qe2
O-O 9. h3 Qb6 10. O-O-O Nxd3+ 11. Qxd3 Nd7 12. f4 Qb4 13. a3 Qb3 14. Nf3 Nb6 15.
Qc2 Qxc2+ 16. Kxc2 Nxc4 17. Bc1 f5 18. b3 Bxc3 19. bxc4 Bg7 20. e5 b6 21. Kd3 a6
22. Rhg1 b5 23. g4 bxc4+ 24. Kxc4 Bd7 25. g5 Bb5+ 26. Kc3 Be2 0-1

[Event "AUTO-OPEN-1976"]
[Site "http://www.queenalice.com/game.php?id=775269"]
[Date "2010.5.14"]
[Round "1"]
[White "Penroyal"]
[Black "monxu87"]
[Result "0-1"]
[WhiteElo "2077"]
[BlackElo "2074"]

1. d4 f5 2. c4 e6 3. Nc3 Bb4 4. Qb3 Bxc3+ 5. Qxc3 Nf6 6. f3 O-O 7. e3 d6 8. Bd3
e5 9. Ne2 Qe8 10. O-O e4 11. Bc2 exf3 12. gxf3 Nc6 13. b4 Ne7 14. e4 fxe4 15.
fxe4 Qh5 16. Ng3 Qh4 17. Rf4 Ng4 0-1

[Event "AUTO-OPEN-1976"]
[Site "http://www.queenalice.com/game.php?id=775270"]
[Date "2010.5.14"]
[Round "1"]
[White "monxu87"]
[Black "Penroyal"]
[Result "1-0"]
[WhiteElo "2056"]
[BlackElo "2095"]

1. e4 e6 2. d4 d5 3. Nc3 Bb4 4. e5 b6 5. a3 Bf8 6. Bb5+ c6 7. Ba4 Qd7 8. Nce2
Ba6 9. Nf3 Bxe2 10. Qxe2 b5 11. Bb3 c5 12. c3 Ne7 13. dxc5 Na6 14. Be3 Nf5 15.
Bc2 Nxe3 16. fxe3 Nxc5 17. Nd4 1-0

[Event "AUTO-MASTER-1116"]
[Site "http://www.queenalice.com/game.php?id=775702"]
[Date "2010.5.14"]
[Round "1"]
[White "Blutigeroo"]
[Black "Penroyal"]
[Result "1-0"]
[WhiteElo "1992"]
[BlackElo "2117"]

1. c4 e5 2. Nc3 Nf6 3. g3 Bc5 4. Bg2 Nc6 5. e3 O-O 6. Nge2 Re8 7. O-O e4 8. a3
a5 9. Qc2 Qe7 10. Nf4 d6 11. Nfd5 Nxd5 12. Nxd5 Qd8 13. Bxe4 g6 14. b3 Be6 15.
Bb2 Bxd5 16. Bxd5 Bb6 17. f4 1-0

[Event "AUTO-MASTER-1116"]
[Site "http://www.queenalice.com/game.php?id=775703"]
[Date "2010.5.14"]
[Round "1"]
[White "Penroyal"]
[Black "Blutigeroo"]
[Result "1-0"]
[WhiteElo "2110"]
[BlackElo "2018"]

1. d4 d5 2. Nf3 Nf6 3. c4 c6 4. Nc3 e6 5. e3 Nbd7 6. Qc2 Bd6 7. g4 h6 8. Rg1 Qe7
9. h4 b6 10. g5 Ng8 11. Bd3 h5 12. e4 Bb7 13. Be3 a5 14. g6 f6 15. Rc1 Nh6 16.
cxd5 cxd5 17. exd5 exd5 18. Nb5 Bb4+ 19. Ke2 Rc8 20. Qxc8+ Bxc8 21. Rxc8+ Qd8
22. Nc7+ Ke7 23. Nxd5+ Ke6 24. Rxd8 Rxd8 25. Nxb4 1-0

[Event "AUTO-MASTER-1116"]
[Site "http://www.queenalice.com/game.php?id=775716"]
[Date "2010.5.14"]
[Round "1"]
[White "Penroyal"]
[Black "roberval"]
[Result "0-1"]
[WhiteElo "2061"]
[BlackElo "2287"]

1. d4 Nf6 2. Nf3 g6 3. c4 Bg7 4. Nc3 O-O 5. g3 c6 6. Bg2 d5 7. O-O Re8 8. b3 Ne4
9. Bb2 Nxc3 10. Bxc3 dxc4 11. bxc4 Bg4 12. Qb3 Qb6 13. Rab1 Nd7 14. Rfe1 Bxf3
15. Bxf3 Qxb3 16. Rxb3 Rab8 17. Reb1 c5 18. Bxb7 cxd4 19. Ba5 Nc5 20. Rb5 Nxb7
21. Rxb7 Be5 22. c5 Rxb7 23. Rxb7 Rc8 24. Rxe7 Rxc5 0-1

[Event "AUTO-MASTER-1116"]
[Site "http://www.queenalice.com/game.php?id=775717"]
[Date "2010.5.14"]
[Round "1"]
[White "roberval"]
[Black "Penroyal"]
[Result "1-0"]
[WhiteElo "2209"]
[BlackElo "2112"]

1. e4 e6 2. b3 b6 3. Bb2 Bb7 4. Nc3 Nf6 5. d3 d5 6. f4 dxe4 7. Nxe4 Nxe4 8. dxe4
Qxd1+ 9. Rxd1 Bxe4 10. Rd2 Bb4 11. c3 Bc5 12. Ne2 Nd7 13. Ng3 Bb7 14. Bb5 c6 15.
Bd3 Nf6 16. Ne4 Nxe4 17. Bxe4 Be3 18. Rd6 Bxf4 19. Bxc6+ Bxc6 20. Rxc6 Kd7 21.
Rc4 Be5 22. O-O Rac8 23. Rxf7+ Kd6 24. Ba3+ Kd5 25. Rd7+ 1-0

[Event "AUTO-OPEN-1832"]
[Site "http://www.queenalice.com/game.php?id=802138"]
[Date "2010.7.11"]
[Round "2"]
[White "Penroyal"]
[Black "vindaloo"]
[Result "0-1"]
[WhiteElo "2054"]
[BlackElo "1873"]

1. c4 g6 2. Nc3 Bg7 3. g3 c6 4. Bg2 Nf6 5. Nf3 d5 6. d4 O-O 7. O-O dxc4 8. a4
Nd5 9. Qc2 Nb4 10. Qd1 b5 11. axb5 cxb5 12. Nxb5 a6 0-1

[Event "AUTO-OPEN-1832"]
[Site "http://www.queenalice.com/game.php?id=802139"]
[Date "2010.7.11"]
[Round "2"]
[White "vindaloo"]
[Black "Penroyal"]
[Result "1-0"]
[WhiteElo "1896"]
[BlackElo "2031"]

1. e4 e6 2. c4 d5 3. exd5 exd5 4. cxd5 Nf6 5. Nf3 Nxd5 6. Bc4 Nb6 7. Bb3 Bf5 8.
Nc3 Bd3 9. Bc2 Nc6 10. a3 Bc5 11. Ne2 O-O 12. O-O Re8 13. Re1 1-0